Estadísticas para Países más Visitados por los Papas

Haz click aquí para intentar la prueba.

Estadísticas generales

  • Esta prueba ha sido intentada 2.195 veces
    (996 desde el último reinicio)
  • La puntuación promedio es 15 de 23

Estadísticas de respuestas

# de visitasPaís% Correcto
7España
99%
10Francia
98%
11Estados Unidos
96%
6Alemania
95%
7México
92%
6Brasil
88%
8Portugal
88%
4Canadá
85%
11Polonia
82%
6Suiza
74%
4Austria
73%
4Australia
64%
4Croacia
59%
4República Checa
56%
4Hungría
54%
4Turquía
53%
4Eslovaquia
52%
4Israel
49%
4Cuba
43%
4Filipinas
39%
5Malta
35%
4Jordania
22%
4Kenia
20%

Distribución de puntuación

Porcentaje por número respondido

Porcentaje de gente con cada puntuación

Historial de tus puntuaciones

No has intentado esta prueba desde el último reinicio